01699nam a2200409 i 450000100060000000300020000600500170000800600190002500700150004400800410005902000350010003500220013504000310015705000230018808000140021108200140022524501910023926400360043030000250046633600310049133700330052233800430055549000380059858800830063659001620071965000290088165500270091070000440093770000500098170000420103170000680107379700180114183000390115985600630119894200110126199900170127274884020241217151149.0m o u cr cn|||||||||230430s2022 sp o 000 0 spa d a9788411228138q(electrónico) a(OCoLC)1379805849 aFINmELBbspaerdacFINmELB 4aLB1027b.I566 2022 a37-048.3504a371.322300aInnovación y mejora en la educación /cCarlos Hervás-Gómez, Juan Carlos de la Cruz-Campos, Isabel Mercader Rubio, María de los Ángeles Domínguez-González (Coordinadores). 1aMadrid :bDykinson S.L.,c2022. a1 recurso en línea atextobtxt2rdacontent/spa acomputadorabc2rdamedia/spa arecurso en líneabcr2rdacarrier/spa1 aInnovación en Ciencias Sociales aDescripción basada en metadatos suministrados por el editor y otras fuentes. aRecurso electrónico. Santa Fe, Arg.: elibro, 2023. Disponible vía World Wide Web. El acceso puede estar limitado para las bibliotecas afiliadas a elibro. 4aInnovaciones educativas. 4aLibros electrónicos.1 aHervás-Gómez, Carlos,ecoordinador.1 aCruz-Campos, Juan Carlos de la,ecoordinador.1 aMercader Rubio, Isabel,ecoordinador.1 aDomínguez-González, María de los Ángeles,ecoordinador.2 aelibro, Corp. 0aInnovación en Ciencias Sociales.40uhttps://elibro.net/ereader/politecnicointernacional/229742 cLIBROS c74884d74884